[Event "CAN-op"]
[Site "Ottawa CAN"]
[Date "2013.07.14"]
[Round "2"]
[White "Porper, Edward"]
[Black "Demmery, Steve"]
[Result "1-0"]
[WhiteElo "2494"]
[BlackElo "2110"]
[PlyCount "69"]
[EventDate "2013.07.13"]
[EventType "swiss"]
[EventRounds "9"]
[EventCountry "CAN"]

1. d4 Nf6 2. c4 b6 3. Nc3 Bb7 4. d5 e5 5. Nf3 d6 6. e4 Be7 7. Bd3 Bc8 8. O-O h6
9. Rb1 a5 10. a3 O-O 11. b4 axb4 12. axb4 Bg4 13. h3 Bc8 14. Be3 Nh7 15. c5
bxc5 16. bxc5 f5 17. c6 Ng5 18. Nxg5 Bxg5 19. exf5 Ba6 20. Ne4 Bxd3 21. Qxd3
Na6 22. Bxg5 hxg5 23. Ra1 Nc5 24. Nxc5 Rxa1 25. Rxa1 dxc5 26. Qe4 Qd6 27. Re1
Re8 28. g3 Kf7 29. Re3 Qh6 30. Kg2 Rh8 31. g4 Re8 32. d6 cxd6 33. c7 Rc8 34.
Qb7 Qh8 35. Qd5+ 1-0

[Event "CAN-op"]
[Site "Ottawa CAN"]
[Date "2013.07.14"]
[Round "3"]
[White "Cao, Jason"]
[Black "Porper, Edward"]
[Result "1-0"]
[WhiteElo "2239"]
[BlackElo "2494"]
[PlyCount "53"]
[EventDate "2013.07.13"]
[EventType "swiss"]
[EventRounds "9"]
[EventCountry "CAN"]

1. e4 d6 2. d4 Nf6 3. f3 e5 4. d5 Nh5 5. Be3 Be7 6. Qd2 h6 7. g3 Bg5 8. Bh3
Bxe3 9. Qxe3 O-O 10. Bxc8 Qxc8 11. Nc3 Nf6 12. O-O-O Qd7 13. h4 c6 14. g4 cxd5
15. exd5 Rc8 16. g5 Nh5 17. gxh6 g6 18. Nge2 b5 19. Rhg1 Qc7 20. Rd2 b4 21. Ne4
Nd7 22. Qg5 Kh7 23. N2g3 Nxg3 24. Rxg3 Qc4 25. b3 Qc7 26. h5 Rg8 27. Qe7 1-0

[Event "CAN-op"]
[Site "Ottawa CAN"]
[Date "2013.07.15"]
[Round "4"]
[White "Porper, Edward"]
[Black "Kenney, Jason"]
[Result "1-0"]
[WhiteElo "2494"]
[BlackElo "2159"]
[PlyCount "107"]
[EventDate "2013.07.13"]
[EventType "swiss"]
[EventRounds "9"]
[EventCountry "CAN"]

1. d4 d5 2. c4 c6 3. Nc3 Nf6 4. Nf3 dxc4 5. a4 e5 6. Nxe5 Be6 7. e3 Bb4 8. Nxc4
c5 9. Ne5 O-O 10. Bd3 cxd4 11. exd4 Nd5 12. Bd2 Nc6 13. Nxc6 bxc6 14. O-O Rb8
15. Ne4 Bxd2 16. Qxd2 Qb6 17. Ng5 g6 18. Nf3 Qb4 19. Qh6 Rfe8 20. Be4 Qf8 21.
Qxf8+ Rxf8 22. Ne5 Nf6 23. Bxc6 Rxb2 24. Rab1 Rfb8 25. Rxb2 Rxb2 26. h3 Bd5 27.
Bxd5 Nxd5 28. Rc1 Ra2 29. Rc5 Nf4 30. Rc8+ Kg7 31. Rc7 Ne2+ 32. Kh2 Nxd4 33.
Rxf7+ Kg8 34. Rxa7 h5 35. a5 Rxf2 36. Nxg6 Ra2 37. a6 Nf5 38. Kg1 h4 39. Nf4
Ng3 40. Ra8+ Kh7 41. a7 Ne4 42. Kf1 Ra1+ 43. Ke2 Nc3+ 44. Kf3 Nb5 45. Kg4 Ra4
46. Rf8 Rxa7 47. Kxh4 Nd6 48. Rf6 Nf7 49. Re6 Ra4 50. g3 Kg7 51. Kg4 Nh6+ 52.
Kf3 Nf5 53. Nh5+ Kg8 54. Re4 1-0

[Event "CAN-op"]
[Site "Ottawa CAN"]
[Date "2013.07.16"]
[Round "5"]
[White "Ivanov, Mike"]
[Black "Porper, Edward"]
[Result "0-1"]
[WhiteElo "2252"]
[BlackElo "2494"]
[PlyCount "110"]
[EventDate "2013.07.13"]
[EventType "swiss"]
[EventRounds "9"]
[EventCountry "CAN"]

1. e4 e6 2. d4 d5 3. Nc3 Bb4 4. Nge2 dxe4 5. a3 Be7 6. g4 e5 7. Nxe4 Bxg4 8.
Rg1 Bf5 9. N2g3 Bg6 10. dxe5 Qxd1+ 11. Kxd1 Nc6 12. f4 f5 13. Nc3 O-O-O+ 14.
Bd3 Bc5 15. Re1 Nh6 16. Be3 Bxe3 17. Rxe3 Ng4 18. Re2 Nd4 19. Rd2 Nf3 20. h3
Nxd2 21. Kxd2 Nf2 22. Ke3 Nxd3 23. cxd3 Rd7 24. d4 c6 25. h4 Rf8 26. Rd1 Bf7
27. Rd2 g6 28. Nge2 Rfd8 29. Na4 b6 30. b4 Kb7 31. Nec3 Bb3 32. Rd3 h6 33. Rd2
Rg8 34. Rg2 Rdg7 35. Nb2 g5 36. hxg5 hxg5 37. fxg5 Rxg5 38. Rxg5 Rxg5 39. Ne2
Rg4 40. Nf4 Kc7 41. Nbd3 Bc4 42. Ne1 Rg1 43. Nfg2 Rf1 44. Nf3 Bd5 45. Ngh4 Bxf3
46. Nxf3 Ra1 47. Nh4 Rxa3+ 48. Kf4 Rb3 49. Nxf5 Rxb4 50. Kg5 Rb1 51. e6 Rf1 52.
Kf6 a5 53. Ke5 Rxf5+ 54. Kxf5 Kd8 55. Kf6 Ke8 0-1

[Event "CAN-op"]
[Site "Ottawa CAN"]
[Date "2013.07.17"]
[Round "6.5"]
[White "Porper, Edward"]
[Black "Hambleton, Aman"]
[Result "1/2-1/2"]
[WhiteElo "2494"]
[BlackElo "2580"]
[PlyCount "113"]
[EventDate "2013.07.13"]
[EventType "swiss"]
[EventRounds "9"]
[EventCountry "CAN"]

1. d4 e6 2. c4 Nf6 3. Nf3 b6 4. Nc3 Bb7 5. Bg5 Be7 6. Qc2 c5 7. dxc5 bxc5 8. e3
O-O 9. Be2 d6 10. O-O Nbd7 11. Rfd1 a6 12. h3 Qc7 13. Rd2 Rfd8 14. Rad1 h6 15.
Bh4 Rab8 16. Bg3 Ne8 17. Ne1 Ndf6 18. Bf3 Rd7 19. Bxb7 Qxb7 20. Nf3 Qc6 21. b3
Rbd8 22. e4 Nh7 23. Rd3 Nf8 24. Qd2 Bf6 25. Qe2 Bxc3 26. Rxc3 Nf6 27. Re1 Ng6
28. Nh4 Ne7 29. Qf3 Nh7 30. Qe2 Qb6 31. f4 Nc6 32. Bf2 Nd4 33. Qd1 e5 34. Bxd4
cxd4 35. Rd3 exf4 36. Nf5 g6 37. Nxh6+ Kg7 38. Ng4 Ng5 39. Qd2 Ne6 40. Qf2 Rh8
41. Nh2 Re7 42. Nf3 Rhe8 43. e5 Kg8 44. exd6 Qxd6 45. Red1 Rd7 46. Qd2 Qc5 47.
Kh2 Red8 48. Re1 Qc7 49. b4 Qxc4 50. Ne5 Qd5 51. Nxd7 Rxd7 52. Rc1 Qd6 53. Kh1
Qd5 54. a3 Kg7 55. Qe2 Rd6 56. Re1 Kf6 57. Kg1 1/2-1/2

[Event "CAN-op"]
[Site "Ottawa CAN"]
[Date "2013.07.20"]
[Round "9"]
[White "Sokolov, Ivan"]
[Black "Porper, Edward"]
[Result "1/2-1/2"]
[WhiteElo "2642"]
[BlackElo "2494"]
[PlyCount "60"]
[EventDate "2013.07.13"]
[EventType "swiss"]
[EventRounds "9"]
[EventCountry "CAN"]

1. d4 d5 2. c4 c6 3. cxd5 cxd5 4. Nf3 Nc6 5. Nc3 Nf6 6. Bf4 e6 7. e3 Bd6 8. Bd3
Bxf4 9. exf4 Qb6 10. a3 Bd7 11. Na4 Qc7 12. g3 O-O 13. O-O Rfc8 14. Rc1 Qa5 15.
Nc3 Be8 16. Re1 Ne7 17. Qb3 Rc7 18. Ne5 Rac8 19. Re2 a6 20. Rce1 g6 21. Re3 Nd7
22. Nf3 Nb6 23. Qd1 Na4 24. Nxa4 Qxa4 25. Qxa4 Bxa4 26. g4 Bc2 27. Ne5 Bxd3 28.
Rxd3 Nc6 29. Kf1 Nxe5 30. fxe5 Rc2 1/2-1/2

[Event "Fort McMurray op"]
[Site "Fort McMurray CAN"]
[Date "2013.07.06"]
[Round "3"]
[White "Porper, Edward"]
[Black "Rekhson, Vladislav"]
[Result "1-0"]
[WhiteElo "2453"]
[BlackElo "2081"]
[PlyCount "67"]
[EventDate "2013.07.05"]
[EventType "swiss"]
[EventRounds "5"]
[EventCountry "CAN"]

1. d4 d5 2. c4 e6 3. Nc3 Be7 4. Nf3 Nf6 5. Bf4 c6 6. e3 Nbd7 7. h3 O-O 8. Qc2
a6 9. c5 b6 10. cxb6 Qxb6 11. a3 c5 12. dxc5 Nxc5 13. b4 Nce4 14. Na4 Qa7 15.
Bd3 Bd7 16. O-O Bb5 17. Rac1 Bxd3 18. Qxd3 Rfc8 19. Qd4 Qxd4 20. Nxd4 Nd7 21.
Nc6 Bf8 22. Rfd1 g5 23. Bh2 f5 24. f3 Nef6 25. Rc3 Kg7 26. Rdc1 h5 27. Ne5 Re8
28. Rc7 Re7 29. Nc6 Rf7 30. Nd4 Ne8 31. Nxe6+ Kf6 32. R7c6 Ne5 33. Bxe5+ Kxe5
34. Nxg5 1-0

[Event "Fort McMurray op"]
[Site "Fort McMurray CAN"]
[Date "2013.07.07"]
[Round "4"]
[White "Booker, Brad"]
[Black "Porper, Edward"]
[Result "0-1"]
[WhiteElo "2205"]
[BlackElo "2494"]
[PlyCount "60"]
[EventDate "2013.07.05"]
[EventType "swiss"]
[EventRounds "5"]
[EventCountry "CAN"]

1. e4 d6 2. d4 Nf6 3. Nc3 e5 4. Nf3 exd4 5. Nxd4 Be7 6. Bd3 O-O 7. O-O Bd7 8.
Nd5 Nc6 9. Nxc6 Bxc6 10. c4 Nd7 11. b4 Bf6 12. Rb1 Bxd5 13. exd5 g6 14. Be3 b6
15. f4 a5 16. a3 Re8 17. Bf2 axb4 18. axb4 Ra2 19. Kh1 Bg7 20. g3 Nf6 21. Qf3
Qa8 22. h3 Qa3 23. Bg1 Rd2 24. Rfd1 Rxd1 25. Qxd1 Ne4 26. Rb3 Qa2 27. Bc2 Nc3
28. Qd3 Qa1 29. Kg2 Re2+ 30. Bf2 Qe1 0-1

[Event "Edmonton int."]
[Site "Edmonton CAN"]
[Date "2013.06.23"]
[Round "1"]
[White "Porper, Edward"]
[Black "Short, Nigel"]
[Result "0-1"]
[WhiteElo "2424"]
[BlackElo "2682"]
[Annotator ",VLAD"]
[PlyCount "82"]
[EventDate "2013.06.23"]
[EventType "tourn"]
[EventRounds "9"]
[EventCountry "CAN"]

1. d4 e6 2. c4 b6 3. e4 Bb7 4. Qc2 Nc6 5. d5 Ne5 6. Be2 Bc5 7. Nf3 Qf6 8. O-O
Nxf3+ 9. Bxf3 Ne7 10. Be3 Bxe3 11. fxe3 Qg5 12. Qf2 Ng6 13. Nd2 O-O 14. Rac1 c5
15. Rc3 d6 16. Be2 Rae8 17. Nf3 Qe7 18. Qg3 exd5 19. exd5 Bc8 20. Bd1 a6 21. a4
Bd7 22. Bc2 f5 23. Qg5 Qxg5 24. Nxg5 Ne5 25. h3 h6 26. Nf3 g5 27. Nd2 Kg7 28.
Rb1 a5 29. Rf1 h5 30. b3 Kh6 31. Kh2 Ng6 32. Rf2 h4 33. Nf1 g4 34. g3 gxh3 35.
Bd1 hxg3+ 36. Nxg3 f4 37. exf4 Rxf4 38. Rxf4 Nxf4 39. Bf3 Re1 40. Ne4 Ne2 41.
Rd3 Bf5 0-1

[Event "Edmonton int."]
[Site "Edmonton CAN"]
[Date "2013.06.24"]
[Round "2"]
[White "Porper, Edward"]
[Black "Mikhalevski, Victor"]
[Result "1/2-1/2"]
[WhiteElo "2424"]
[BlackElo "2551"]
[Annotator ",VLAD"]
[PlyCount "47"]
[EventDate "2013.06.23"]
[EventType "tourn"]
[EventRounds "9"]
[EventCountry "CAN"]
[TimeControl "5400"]

1. d4 Nf6 2. c4 g6 3. Nc3 d5 4. e3 Bg7 5. cxd5 Nxd5 6. Nxd5 Qxd5 7. Ne2 O-O 8.
Nc3 Qd8 9. Be2 c5 10. d5 e6 11. e4 exd5 12. exd5 Qb6 13. O-O Na6 14. a4 Bf5 15.
a5 Qd6 16. Nb5 Qd7 17. d6 Nb4 18. Bf4 Rae8 19. Nc3 Qd8 20. Bb5 Re6 21. Bc4 Ree8
22. Bb5 Re6 23. Bc4 Ree8 24. Bb5 1/2-1/2

[Event "Edmonton int."]
[Site "Edmonton CAN"]
[Date "2013.06.25"]
[Round "3"]
[White "Doroshenko, Maxim"]
[Black "Porper, Edward"]
[Result "0-1"]
[WhiteElo "2336"]
[BlackElo "2424"]
[PlyCount "92"]
[EventDate "2013.06.23"]
[EventType "tourn"]
[EventRounds "9"]
[EventCountry "CAN"]
[TimeControl "5400"]

1. d4 Nf6 2. c4 e6 3. g3 d5 4. Nf3 Be7 5. Bg2 O-O 6. O-O c6 7. Qc2 b6 8. b3 Bb7
9. Bb2 Na6 10. Nbd2 Rc8 11. Rad1 Qc7 12. e4 Rfd8 13. a3 h6 14. Rfe1 Bf8 15. Ne5
c5 16. exd5 exd5 17. dxc5 Nxc5 18. b4 Nce4 19. Nxe4 dxe4 20. Qc3 Rd6 21. Rxd6
Qxd6 22. Qb3 Qe6 23. Qc3 Bd6 24. Bf1 Re8 25. Nf3 Qg4 26. Nd4 Qh5 27. Be2 Ng4
28. Bxg4 Qxg4 29. c5 bxc5 30. bxc5 Be5 31. Qe3 Qd7 32. Rc1 Qd5 33. c6 Ba6 34.
c7 Qb7 35. Qb3 Rc8 36. Qb4 Rxc7 37. Rxc7 Qxc7 38. Qa4 Qc4 39. Qxc4 Bxc4 40. Bc3
f6 41. Kg2 g5 42. f3 e3 43. h4 Bd5 44. hxg5 hxg5 45. g4 Bc4 46. Ba1 e2 0-1

[Event "Edmonton int."]
[Site "Edmonton CAN"]
[Date "2013.06.26"]
[Round "4"]
[White "Porper, Edward"]
[Black "Gardner, Robert"]
[Result "1/2-1/2"]
[WhiteElo "2424"]
[BlackElo "2213"]
[Annotator ",VLAD"]
[PlyCount "61"]
[EventDate "2013.06.23"]
[EventType "tourn"]
[EventRounds "9"]
[EventCountry "CAN"]

1. d4 Nf6 2. c4 e6 3. Nf3 b6 4. g3 Bb7 5. Bg2 Be7 6. Nc3 O-O 7. O-O c5 8. d5
exd5 9. cxd5 d6 10. Re1 b5 11. e4 b4 12. Nb1 Nbd7 13. Nbd2 Ng4 14. Bf1 Bf6 15.
Rb1 a5 16. a4 Ba6 17. Bxa6 Rxa6 18. Nc4 Nge5 19. Nfxe5 Nxe5 20. Qe2 Nxc4 21.
Qxc4 Ra7 22. b3 Bc3 23. Re2 Re7 24. Bb2 Bxb2 25. Rbxb2 Rfe8 26. f4 Kh8 27. Rbd2
f6 28. Kf2 g5 29. Ke1 gxf4 30. gxf4 Qd7 31. f5 1/2-1/2

[Event "Edmonton int."]
[Site "Edmonton CAN"]
[Date "2013.06.27"]
[Round "5"]
[White "Haessel, Dale"]
[Black "Porper, Edward"]
[Result "0-1"]
[WhiteElo "2171"]
[BlackElo "2424"]
[Annotator ",VLAD"]
[PlyCount "90"]
[EventDate "2013.06.23"]
[EventType "tourn"]
[EventRounds "9"]
[EventCountry "CAN"]
[TimeControl "5400"]

1. Nf3 Nf6 2. c4 c6 3. d4 d5 4. e3 a6 5. b3 Bg4 6. h3 Bxf3 7. gxf3 Nbd7 8. Bb2
Qc7 9. Nd2 e6 10. Qc2 dxc4 11. Bxc4 Nd5 12. a3 Be7 13. f4 Bh4 14. Ke2 O-O-O 15.
Nf3 Be7 16. Rhg1 g6 17. h4 h5 18. Rac1 Qd6 19. Ne5 Nxe5 20. fxe5 Qc7 21. Rh1
Kb8 22. b4 Rd7 23. Qe4 Qd8 24. Rc2 Rf8 25. Rh2 Qb6 26. Qf3 a5 27. e4 Nc7 28.
bxa5 Qxa5 29. Qb3 Rfd8 30. Rd2 Qa7 31. f4 Bc5 32. f5 Bxd4 33. fxe6 fxe6 34.
Bxe6 Re7 35. Qb4 Rxe6 36. Rxd4 Qa6+ 37. Ke3 Rde8 38. Rhd2 Kc8 39. Rd7 Na8 40.
Rg7 Nb6 41. Rc2 Nd7 42. Qc4 Qa5 43. Qb3 Qe1+ 44. Kd3 Nxe5+ 45. Bxe5 Rd8+ 0-1

[Event "Edmonton int."]
[Site "Edmonton CAN"]
[Date "2013.06.28"]
[Round "6"]
[White "Porper, Edward"]
[Black "Bruzon, Lazaro"]
[Result "0-1"]
[WhiteElo "2424"]
[BlackElo "2687"]
[Annotator ",VLAD"]
[PlyCount "50"]
[EventDate "2013.06.23"]
[EventType "tourn"]
[EventRounds "9"]
[EventCountry "CAN"]
[TimeControl "5400"]

1. d4 g6 2. e4 d6 3. c4 Nf6 4. Nc3 Bg7 5. Be2 O-O 6. Nf3 Nbd7 7. O-O e5 8. d5
Nc5 9. Qc2 a5 10. Bg5 h6 11. Be3 b6 12. Nd2 h5 13. h3 Bd7 14. b3 Nh7 15. Qd1 f5
16. exf5 gxf5 17. Bxh5 e4 18. Ne2 Nd3 19. Nd4 Qh4 20. f4 Qg3 21. Nc2 Bxa1 22.
Qxa1 Rf6 23. Qd1 Rh6 24. Bd4 Nf6 25. Bxf6 Rxf6 0-1

[Event "Edmonton int."]
[Site "Edmonton CAN"]
[Date "2013.06.29"]
[Round "7"]
[White "Wang, Richard"]
[Black "Porper, Edward"]
[Result "1/2-1/2"]
[WhiteElo "2371"]
[BlackElo "2424"]
[Annotator ",VLAD"]
[PlyCount "60"]
[EventDate "2013.06.23"]
[EventType "tourn"]
[EventRounds "9"]
[EventCountry "CAN"]
[TimeControl "5400"]

1. d4 Nf6 2. c4 e6 3. g3 d5 4. Nf3 Be7 5. Bg2 O-O 6. O-O c6 7. Qc2 b6 8. Nbd2
Bb7 9. e4 Na6 10. a3 Qc8 11. Re1 Re8 12. e5 Nd7 13. h4 c5 14. dxc5 Naxc5 15. b4
Ne4 16. Bb2 a5 17. Nxe4 dxe4 18. Ng5 axb4 19. axb4 Bxb4 20. Rxa8 Bxa8 21. Rd1
Nc5 22. Nxe4 Nxe4 23. Bxe4 h6 24. Qd3 Bc5 25. Bc1 Qa6 26. Be3 Qa4 27. Bxa8 Bxe3
28. Be4 Bc5 29. Qd7 Qxd7 30. Rxd7 g6 1/2-1/2

[Event "Edmonton int."]
[Site "Edmonton CAN"]
[Date "2013.06.30"]
[Round "8"]
[White "Porper, Edward"]
[Black "Perez, Rodney"]
[Result "1/2-1/2"]
[WhiteElo "2424"]
[BlackElo "2364"]
[Annotator ",VLAD"]
[PlyCount "243"]
[EventDate "2013.06.23"]
[EventType "tourn"]
[EventRounds "9"]
[EventCountry "CAN"]
[TimeControl "5400"]

1. Nf3 d5 2. g3 Nf6 3. Bg2 e6 4. O-O Be7 5. b3 O-O 6. Bb2 b6 7. e3 Bb7 8. c4 c5
9. Nc3 Nc6 10. cxd5 Nxd5 11. Nxd5 Qxd5 12. d4 Qd6 13. dxc5 Qxd1 14. Rfxd1 Bxc5
15. Rd7 Bc8 16. Rd2 Rd8 17. Rxd8+ Nxd8 18. Ne5 Bb7 19. Rd1 Bxg2 20. Kxg2 f6 21.
Nf3 Nc6 22. Rd7 Rc8 23. g4 Kf8 24. g5 Be7 25. gxf6 gxf6 26. Nd4 Nxd4 27. Bxd4
e5 28. Bxe5 fxe5 29. Rxa7 Rc2 30. Kg3 b5 31. a3 e4 32. Rb7 Bd6+ 33. Kg2 Rc5 34.
b4 Rg5+ 35. Kf1 Rh5 36. h3 Be7 37. Kg2 Rg5+ 38. Kf1 Rf5 39. Rd7 Bh4 40. Rxh7
Bxf2 41. Ke2 Bg3 42. Rb7 Rf2+ 43. Kd1 Ra2 44. Rxb5 Rxa3 45. Ke2 Ra2+ 46. Kd1
Rb2 47. Rg5 Bd6 48. b5 Kf7 49. Rg4 Rb4 50. h4 Be5 51. h5 Ke6 52. Rg6+ Kf5 53.
Rb6 Rb1+ 54. Kc2 Rb2+ 55. Kc1 Rh2 56. h6 Bb2+ 57. Kd1 Bf6 58. Rc6 Rxh6 59. b6
Rh2 60. b7 Rb2 61. Rc7 Be5 62. Rh7 Bf6 63. Kc1 Ke6 64. Rc7 Kd6 65. Rf7 Be5 66.
Rh7 Rb4 67. Kc2 Kc6 68. Re7 Bd6 69. Re8 Kxb7 70. Kc3 Kc6 71. Re6 Ra4 72. Kb3
Ra3+ 73. Kc4 Ra4+ 74. Kb3 Ra3+ 75. Kc4 Rxe3 76. Kd4 Re1 77. Rxe4 Bc5+ 78. Kd3
Rf1 79. Rh4 Rf3+ 80. Kc4 Rf6 81. Rg4 Bd6 82. Rg5 Rf4+ 83. Kd3 Ra4 84. Rh5 Bc5
85. Rg5 Rd4+ 86. Kc3 Kb5 87. Rh5 Rg4 88. Kd3 Rg3+ 89. Ke4 Kc4 90. Rh8 Re3+ 91.
Kf4 Re1 92. Rd8 Bb6 93. Rd7 Bd4 94. Kf5 Kd3 95. Rh7 Re5+ 96. Kf4 Re8 97. Kf5
Rf8+ 98. Ke6 Rf6+ 99. Kd5 Rf5+ 100. Ke6 Re5+ 101. Kd6 Ra5 102. Ke6 Be5 103. Rh1
Bf4 104. Rb1 Ke4 105. Rb4+ Kf3 106. Rb1 Bd2 107. Rd1 Be3 108. Rd5 Ra8 109. Kf5
Rf8+ 110. Ke6 Ke4 111. Rh5 Bf4 112. Ra5 Re8+ 113. Kd7 Rb8 114. Ra4+ Kf5 115.
Kc6 Be5 116. Kd5 Rd8+ 117. Kc4 Ke4 118. Kc5+ Bd4+ 119. Kc6 Ke5 120. Ra6 Rc8+
121. Kd7 Rc1 122. Re6+ 1/2-1/2

[Event "Calgary int."]
[Site "Calgary CAN"]
[Date "2013.05.16"]
[Round "4"]
[White "Cao, Jason"]
[Black "Porper, Edward"]
[Result "0-1"]
[WhiteElo "2026"]
[BlackElo "2423"]
[PlyCount "122"]
[EventDate "2013.05.14"]
[EventType "swiss"]
[EventRounds "9"]
[EventCountry "CAN"]
[Source "Mark Crowther"]
[SourceDate "2013.05.20"]

1. e4 e6 2. d4 d5 3. Nd2 c5 4. exd5 Qxd5 5. Ngf3 cxd4 6. Bc4 Qd7 7. O-O Nc6 8.
Nb3 Nf6 9. Nbxd4 Bc5 10. Nxc6 Qxc6 11. b3 O-O 12. Qe2 a6 13. a4 b6 14. Ne5 Qe4
15. Qxe4 Nxe4 16. Bb2 Rd8 17. Bd3 Bb7 18. Nf3 Bb4 19. Bd4 Nc5 20. Bxc5 Bxc5 21.
Nd2 e5 22. Ne4 Bb4 23. Rad1 h6 24. g4 Rac8 25. f3 Kf8 26. Kf2 Be7 27. Ke2 Rd4
28. Rh1 Bh4 29. Rd2 Ke7 30. Rb1 g6 31. c3 Rd7 32. c4 Rcd8 33. c5 Bxe4 34. fxe4
bxc5 35. Rbd1 Rd4 36. Rc2 Rc8 37. Rdc1 Kd6 38. Rf1 f6 39. Rd1 a5 40. Bc4 Rc7
41. Rc3 Bg5 42. Rg3 Ke7 43. Bd5 Bf4 44. Rg2 Rc8 45. h4 Rb8 46. h5 gxh5 47. gxh5
Bg5 48. Rg3 Rbb4 49. Rc3 Kd6 50. Rc4 Rxd1 51. Kxd1 Rxb3 52. Kc2 Rf3 53. Bf7 f5
54. exf5 Rxf5 55. Bg6 Rf3 56. Bh7 Rh3 57. Bg6 Rg3 58. Bh7 Be3 59. Rh4 Bd4 60.
Bd3 c4 61. Bg6 Kc5 0-1

[Event "Calgary int."]
[Site "Calgary CAN"]
[Date "2013.05.20"]
[Round "9"]
[White "Piasetski, Leon"]
[Black "Porper, Edward"]
[Result "1/2-1/2"]
[WhiteElo "2282"]
[BlackElo "2423"]
[Annotator ",VLAD"]
[PlyCount "85"]
[EventDate "2013.05.14"]
[EventType "swiss"]
[EventRounds "9"]
[EventCountry "CAN"]
[TimeControl "5400"]

1. c4 b6 2. Nc3 Bb7 3. e4 e6 4. d3 Ne7 5. g3 d5 6. exd5 exd5 7. Bg2 Bc6 8. d4
dxc4 9. d5 Bb7 10. Nh3 Nc8 11. O-O Be7 12. Re1 O-O 13. Qa4 Nd6 14. Bf4 Nd7 15.
Bxd6 Bxd6 16. Qxc4 Nc5 17. b4 Ba6 18. Nb5 Qd7 19. Bf1 Nb7 20. a4 Nd8 21. Ng5
Bxb5 22. axb5 h6 23. Bh3 f5 24. Ne6 Rf6 25. f4 Kh8 26. Re2 Nxe6 27. dxe6 Qe7
28. Bg2 Rd8 29. Rxa7 Rff8 30. Bf3 Rc8 31. Ra4 Rfe8 32. Bc6 Rf8 33. Kg2 Rf6 34.
Bf3 Rff8 35. Rea2 Kh7 36. Bb7 Rce8 37. Bd5 Rc8 38. Rc2 Kh8 39. Ra7 Kh7 40. Bb7
Rcd8 41. Bf3 Rc8 42. Bb7 Rcd8 43. Bf3 1/2-1/2

[Event "Alberta Closed"]
[Site "Calgary CAN"]
[Date "2013.03.29"]
[Round "1"]
[White "Porper, Edward"]
[Black "Pechenkin, Vladimir"]
[Result "1-0"]
[WhiteElo "2460"]
[BlackElo "2428"]
[PlyCount "68"]
[EventDate "2013.03.29"]
[EventType "tourn"]
[EventRounds "5"]
[EventCountry "CAN"]

1. Nf3 e6 2. c4 f5 3. d3 Nf6 4. g3 Bb4+ 5. Bd2 Bxd2+ 6. Qxd2 b6 7. Bg2 Bb7 8.
O-O O-O 9. Nc3 a5 10. Rac1 Qe7 11. d4 d6 12. d5 e5 13. Ng5 Na6 14. Ne6 Rf7 15.
a3 Re8 16. Nb5 Bc8 17. Ng5 Rff8 18. b4 axb4 19. axb4 h6 20. Ne6 Bxe6 21. dxe6
Qd8 22. Ra1 Nb8 23. Ra8 Kh8 24. Bd5 c6 25. Bxc6 Rxe6 26. Bd5 Re7 27. Rd1 f4 28.
Bg2 fxg3 29. hxg3 Ne8 30. c5 bxc5 31. bxc5 Rf6 32. Nxd6 Nxd6 33. cxd6 Rd7 34.
Qb2 Rf8 1-0

[Event "Alberta Closed"]
[Site "Calgary CAN"]
[Date "2013.03.31"]
[Round "4"]
[White "Porper, Edward"]
[Black "Yam, Alex"]
[Result "1-0"]
[WhiteElo "2494"]
[BlackElo "2380"]
[PlyCount "71"]
[EventDate "2013.03.29"]
[EventType "tourn"]
[EventRounds "5"]
[EventCountry "CAN"]

1. d4 f5 2. g3 Nf6 3. Bg2 g6 4. Nc3 Bg7 5. e4 fxe4 6. Nxe4 Nxe4 7. Bxe4 O-O 8.
c3 Nc6 9. Qb3+ Kh8 10. h4 e5 11. h5 g5 12. d5 Na5 13. Qd1 h6 14. Qe2 c6 15. d6
b5 16. Be3 Nb7 17. O-O-O Rf6 18. Bb1 Nxd6 19. f4 gxf4 20. gxf4 exf4 21. Bd4 Re6
22. Qc2 Ne4 23. Nf3 d5 24. Rhg1 Bxd4 25. Nxd4 Rd6 26. Nxc6 Qb6 27. Nd4 Be6 28.
Qg2 Rg8 29. Qf3 Rxg1 30. Rxg1 Rc6 31. Qxf4 Ng5 32. Qf6+ Kg8 33. Qg6+ Kf8 34.
Qxh6+ Ke8 35. Qh8+ Kd7 36. Rxg5 1-0

[Event "Alberta Closed"]
[Site "Calgary CAN"]
[Date "2013.03.31"]
[Round "5.2"]
[White "Rekhson, Vladislav"]
[Black "Porper, Edward"]
[Result "1/2-1/2"]
[WhiteElo "2136"]
[BlackElo "2494"]
[PlyCount "139"]
[EventDate "2013.03.29"]
[EventType "tourn"]
[EventRounds "5"]
[EventCountry "CAN"]

1. e4 e5 2. Nf3 Nc6 3. Bb5 g6 4. d4 exd4 5. Bg5 Be7 6. Bxe7 Qxe7 7. O-O Qb4 8.
Bxc6 dxc6 9. Qxd4 Qxd4 10. Nxd4 Bd7 11. Nc3 O-O-O 12. Rad1 Ne7 13. g3 Bh3 14.
Rfe1 Bg4 15. Rd3 c5 16. Nb3 c4 17. Rxd8+ Rxd8 18. Na5 Be6 19. b3 cxb3 20. Nxb3
Nc6 21. f4 Bc4 22. e5 Nb4 23. Re4 Bxb3 24. cxb3 a5 25. Kf2 h5 26. e6 Nd3+ 27.
Ke2 Nc5 28. Re5 Nxe6 29. Rxa5 Nd4+ 30. Kf2 Nc6 31. Rd5 Re8 32. h3 Nb4 33. Rd4
Nc6 34. Rd5 Nd8 35. g4 Ne6 36. Kf3 hxg4+ 37. hxg4 Rh8 38. Kg3 c6 39. Rd2 Rh1
40. Rd1 Rxd1 41. Nxd1 Kd7 42. f5 gxf5 43. gxf5 Nd4 44. Kf4 f6 45. Nc3 Nc2 46.
Ne4 Ke7 47. Nc5 b6 48. Nd3 Kd6 49. Ke4 Na3 50. Nc1 b5 51. Ne2 b4 52. Nf4 Nb5
53. Nh5 Nc3+ 54. Kd4 c5+ 55. Kc4 Ne4 56. Ng7 Nd2+ 57. Kd3 Nf3 58. Kc4 Kc6 59.
Kd3 Kd5 60. Ne8 Ne5+ 61. Ke3 Nd7 62. Ng7 Nb6 63. Kd3 c4+ 64. bxc4+ Nxc4 65. Ne8
Ne5+ 66. Kc2 Nd7 67. Kb3 Kc5 68. a3 bxa3 69. Nxf6 Nxf6 70. Kxa3 1/2-1/2

[Event "Northern Alberta op"]
[Site "Edmonton CAN"]
[Date "2013.02.16"]
[Round "1"]
[White "Porper, Edward"]
[Black "White, Chris"]
[Result "1-0"]
[WhiteElo "2490"]
[BlackElo "1753"]
[PlyCount "51"]
[EventDate "2013.02.16"]
[EventType "swiss"]
[EventRounds "5"]
[EventCountry "CAN"]

1. d4 d5 2. c4 e6 3. Nc3 Nf6 4. cxd5 exd5 5. Bg5 c6 6. Qc2 Be7 7. e3 Ne4 8.
Bxe7 Qxe7 9. Nxd5 cxd5 10. Qxc8+ Qd8 11. Bb5+ Nc6 12. Qxd8+ Kxd8 13. Nf3 Ke7
14. Bxc6 bxc6 15. Ne5 c5 16. f3 f6 17. Nd3 c4 18. Nf4 Nd6 19. Nxd5+ Kf7 20.
O-O-O Rhd8 21. Rhe1 Rab8 22. Nc3 Rb6 23. e4 Ra6 24. f4 Ra5 25. d5 Nb7 26. e5
1-0

[Event "Northern Alberta op"]
[Site "Edmonton CAN"]
[Date "2013.02.16"]
[Round "2"]
[White "Daniluk, Jim"]
[Black "Porper, Edward"]
[Result "0-1"]
[WhiteElo "2085"]
[BlackElo "2490"]
[PlyCount "66"]
[EventDate "2013.02.16"]
[EventType "swiss"]
[EventRounds "5"]
[EventCountry "CAN"]

1. d4 Nf6 2. Nf3 e6 3. c4 Bb4+ 4. Bd2 a5 5. g3 d6 6. Bg2 Nbd7 7. O-O e5 8. a3
Bxd2 9. Qxd2 O-O 10. Rd1 Qe7 11. e3 Nb6 12. c5 dxc5 13. Nxe5 cxd4 14. Qxd4 Re8
15. Nc4 Nxc4 16. Qxc4 Be6 17. Qc2 a4 18. Nd2 c6 19. Rac1 Red8 20. Nf3 Bb3 21.
Rxd8+ Rxd8 22. Qc3 Ne4 23. Qe1 c5 24. h4 b6 25. Qe2 h6 26. Bh3 Qd6 27. Bf5 Bd1
28. Rxd1 Qxd1+ 29. Qxd1 Rxd1+ 30. Kg2 Nd6 31. Bc2 Rc1 32. Bxa4 b5 33. Bb3 c4
0-1

[Event "Northern Alberta op"]
[Site "Edmonton CAN"]
[Date "2013.02.16"]
[Round "3"]
[White "Porper, Edward"]
[Black "Reeve, Jeff"]
[Result "1/2-1/2"]
[WhiteElo "2490"]
[BlackElo "2314"]
[PlyCount "67"]
[EventDate "2013.02.16"]
[EventType "swiss"]
[EventRounds "5"]
[EventCountry "CAN"]

1. d4 d5 2. c4 c6 3. Nc3 e6 4. Nf3 dxc4 5. a4 Bb4 6. e3 b5 7. Bd2 a5 8. axb5
Bxc3 9. Bxc3 cxb5 10. b3 Bb7 11. bxc4 b4 12. Bb2 Nf6 13. Bd3 O-O 14. O-O Nbd7
15. Nd2 Qc7 16. Bc2 Rfd8 17. f4 h5 18. h3 Nb6 19. c5 Nbd5 20. Re1 Qc6 21. Nf3
Ne7 22. e4 Qc7 23. Ne5 a4 24. Qd3 a3 25. Bc1 Nc6 26. Nxc6 Qxc6 27. Qc4 b3 28.
Qxb3 Rxd4 29. Rxa3 Rxa3 30. Bxa3 Nxe4 31. Qb6 Nxc5 32. Qxc6 Bxc6 33. Bxc5 Rc4
34. Rc1 1/2-1/2